01521nam a22001817a 450000500170000000800410001702000180005804000070007604100080008308200180009110000170010924500140012626000370014030000230017736500620020044000210026252010560028320251106101721.0251106b |||||||| |||| 00| 0 eng d a9781398539211 cAL aeng a823.914bASHT aLauren Asher aThrottled aLondonbSimon and Schusterc2024 a547p.bPBc20x13cm 2Englisha4241b₹399.20c₹d₹499.00e20%f25-10-2025 aDirty air series aNoah Maya Alatorre is the sister of my teammate…and my new obsession. Keeping my distance during the Formula 1 season should be easy, except I always find ways to see her. Press tours. Pre-race rituals. Sponsor events and black-tie galas. The more time we spend together, the stronger my desire grows. Sneaking around with her is one thing, but wanting more? Never going to happen. She might be a distraction dressed like a daydream, but no woman is worth risking the championship title over. Or so I thought. Maya Noah Slade is Formula 1 royalty and my brother’s biggest rival. When I’m invited to join my sibling while he competes for the World Championship, I promise to avoid Noah at all costs. Twenty-one races. Two drivers who hate each other. And one forbidden attraction I can’t ignore. Developing feelings for Noah wasn’t part of my plan. But then again, neither was anyone finding out. Turns out the man I was warned about happens to be the one I can’t stay away from. Even if he breaks my heart once the season comes to an end.